000 00504nam a22001937a 4500
003 OSt
005 20260601171021.0
008 260520b\\\\\\\\||||||||\||||\00|\0\spa\d
040 _aICI
_bspa
_cICI
_erda
050 _aPN4989.P35
_bM67
100 _aMosquera Méndez, Lala
_eautor
245 _aParticipación
264 _aArgentina
_bNueva Visión
_c1969
300 _a32 páginas
336 _2rdacontent
_atexto
337 _2rdamedia
_asin medio
338 _2rdacarrier
_avolumen
942 _2lcc
_n1
_cB
999 _c20873
_d20873